| 000 | 00362nam a22001217a 4500 | ||
|---|---|---|---|
| 999 |
_c2371 _d2371 |
||
| 005 | 20200914115856.0 | ||
| 008 | 200914b ||||| |||| 00| 0 eng d | ||
| 020 | _a019570229 | ||
| 040 | _cCML | ||
| 245 |
_aEast Africa: Its People and Resources. _cMorgan, W.T.W. |
||
| 260 |
_aNairobi _bOxford University Press _c1972 |
||
| 942 |
_2ddc _cBK _h916 _mMOR |
||